Mercedes-AMG Quiz (every model ever) - Statistics

General Stats
  • This quiz has been taken 551 times
    255 since last reset
  • The average score is 28 of 153
Answer Stats
AMG Models % Correct
C63 AMG
81%
E63 AMG
74%
A45 AMG
69%
G63 AMG (includes 6x6)
69%
S63 AMG
67%
C43 AMG (includes the 2017 model)
62%
A35 AMG (includes Sedan & Hatchback)
61%
S65 AMG
54%
CLS63 AMG
53%
E55 AMG
53%
SL63 AMG
52%
AMG GT/GT S/GT R
51%
GLC63 AMG
51%
SLS AMG
51%
GLE63 AMG
49%
E43 AMG
48%
GLS63 AMG
48%
E53 AMG
47%
C55 AMG
44%
CLA45 AMG
42%
AMG GT 63
39%
GLA45 AMG
39%
G65 AMG
38%
GLC43 AMG
38%
SL65 AMG
38%
CLS55 AMG
37%
ML63 AMG
37%
S55 AMG
37%
CLK63 AMG
36%
G55 AMG
36%
SL55 AMG
36%
GLA35 AMG
35%
CLA35 AMG
34%
GLE43 AMG
34%
GLE53 AMG
34%
R63 AMG
34%
E50 AMG
32%
C32 AMG (includes Sport Coupe)
31%
CL63 AMG
31%
CLK55 AMG
31%
GLB35 AMG
31%
S60 AMG
31%
SLK55 AMG
31%
E60 AMG
30%
ML55 AMG
29%
AMG GT 43
27%
C36 AMG
27%
CLS53 AMG
25%
GL63 AMG
24%
SL43 AMG
24%
SL73 AMG
24%
AMG GT 53
23%
CL55 AMG
23%
CL65 AMG
23%
SL60 AMG
23%
G43 AMG
20%
C63 Black Series
19%
SL70 AMG
19%
S70 AMG
18%
E36 AMG (includes Coupe and Convertible)
17%
G60 AMG
17%
EQE53 AMG
16%
EQS53 AMG
16%
SL72 AMG
16%
190 E 2.3 AMG
15%
300 CE 6.0 AMG "Hammer"
15%
SLS Black Series
15%
300 E 6.0 AMG "Hammer"
14%
300 TE 6.0 AMG "Hammer"
14%
B55 AMG
14%
CL60 AMG
14%
CLK GTR (includes the Roadster)
13%
SLC43 AMG
13%
CLK63 Black Series
12%
SL65 Black Series
12%
CL70 AMG
11%
EQE43 AMG
11%
S72 AMG
11%
A38 AMG
10%
CLK DTM AMG
9%
E42 AMG
9%
Project One
9%
SLK32 AMG
9%
SLK55 Black Series
9%
190 E 2.6 AMG
8%
G36 AMG
8%
190 E 2.3-16 AMG
7%
300 SL AMG
7%
AMG GT 63 E
6%
300 SEL 6.8 AMG "Red Pig" W109
5%
500 SE 5.4 AMG
5%
300 SE AMG W112
4%
A32K HWA
4%
C30 CDI AMG (includes all body styles)
4%
G63 AMG 4x4²
4%
SLS AMG Electric Drive
4%
Sprinter AMG
4%
280 E AMG
3%
450 SEL 6.9 AMG
3%
500 GE 6.0 AMG
3%
CL600 7.0 AMG
3%
CLK LM Road Version
3%
EQE53 SUV AMG
3%
190 E 2.0 AMG
2%
190 E 3.2 AMG
2%
300 SEL 6.3 AMG W109
2%
500 CE AMG
2%
560 SEC 6.0 AMG
2%
560 SEL 6.0 AMG
2%
600 SEL AMG
2%
C55 AMG W202
2%
CL63 AMG V12 C215
2%
CLK GTR Super Sport
2%
E320 AMG W124
2%
E320T AMG W124
2%
E36 T AMG
2%
G63 AMG V12
2%
MB100 D AMG
2%
S63 AMG V12 W220
2%
S73 Cabriolet
2%
S73 T AMG
2%
280 CE 5.0 AMG
1%
280 TE AMG
1%
300 CE 3.2 AMG
1%
300 CE 3.4 AMG
1%
300 CE 3.6 AMG
1%
300 CE 5.6 AMG
1%
300 E 3.2 AMG
1%
300 E 3.4 AMG
1%
300 E 5.0 AMG
1%
300 E 5.5 AMG
1%
300 SL HWA
1%
300 TE 3.2 AMG
1%
300 TE 3.4 AMG
1%
380 SE AMG
1%
380 SEC AMG
1%
380 SEL AMG
1%
400 E 4.2 AMG
1%
500 E 6.0 AMG
1%
500 SEC 5.0 AMG
1%
500 SEC 5.4 AMG
1%
500 SEC 6.0 AMG
1%
500 SEL 5.0 AMG
1%
500 SEL 5.2 AMG
1%
500 SEL 5.4 AMG
1%
500 SL 5.4 AMG
1%
500 SL 6.0 AMG
1%
500 TE AMG
1%
560 SL 5.7 AMG
1%
560 SL 6.0 AMG
1%
E280 AMG W124
1%
230 TE 3.2 AMG
0%
560 SEC 5.5 AMG
0%
No matching quizzes found
Score Distribution
Percent of People with Each Score
Percentile by Number Answered
Your Score History
You have not taken this quiz since the last reset